Online Catalogue and eLibrary

Manual on feeding infants and young children (Record no. 3002)

MARC details
000 -LEADER
fixed length control field 00526nam a2200193Ia 4500
005 - DATE AND TIME OF LATEST TRANSACTION
control field 20240905021502.0
008 - FIXED-LENGTH DATA ELEMENTS--GENERAL INFORMATION
fixed length control field 240331s9999 xx 000 0 und d
020 ## - INTERNATIONAL STANDARD BOOK NUMBER
ISBN 0192614037
082 ## - DDC Classification
Item Number - Author Mark CAM
Class No. 613.042
100 ## - MAIN ENTRY--PERSONAL NAME
Personal name Cameron, M. and Hofvander,Y
245 #0 - TITLE STATEMENT
Title Manual on feeding infants and young children
250 ## - EDITION STATEMENT
Edition statement 3rd
260 ## - PUBLICATION, DISTRIBUTION, ETC.
Place of publication, distribution, etc. New Delhi
Name of publisher, distributor, etc. Oxford University Press
Date of publication, distribution, etc. 1983
300 ## - PHYSICAL DESCRIPTION
Extent (e.g. Volumes, Pages etc.) xx, 214 p .,
650 ## - SUBJECT ADDED ENTRY--TOPICAL TERM
Topical term or geographic name entry element Porteins in Human nutrition
650 ## - SUBJECT ADDED ENTRY--TOPICAL TERM
Topical term or geographic name entry element Child Health
650 ## - SUBJECT ADDED ENTRY--TOPICAL TERM
Topical term or geographic name entry element Child nutrition
942 ## - Koha item type (Biblio)
Koha item type Books in Stacks (Lending)
Holdings
Lost status Damaged status Collection code Home library Current library Shelving location Date acquired Full call number Accession Number Item type
    Lending WERC Library WERC Library Social Science Cupboard 03/31/2024 613.042 CAM 2194 Books in Stacks (Lending)

© WERC Library